00337nam a2200133Ia 4500008004100000020001000041040001600051041001200067082002000079100002400099245004300123260002600166300001100192230917s9999||||xx |||||||||||||| ||und|| cRS450 e23834aMAIN aEnglish a331.10954 C394L aChauhan, Sewa Singh 0aLabour welfare administration in India aDelhibKanishkac1993 a338 p.